| 000 | 00973aam a2200301 4500 | ||
|---|---|---|---|
| 005 | 20241008134750.0 | ||
| 008 | 150507b xxu||||| |||| 00| 0 spa d | ||
| 041 | _aEspañol | ||
| 082 | _a658.311 24 AL434di | ||
| 100 | _aAlles, Martha Alicia | ||
| 245 | _aDiccionario de preguntas: gestión por competencias, cómo planificar la entrevista por competencias | ||
| 260 |
_aArgentina _bGranica _c2008 |
||
| 300 | _a276 páginas | ||
| 650 | _aADMINISTRACIÓN DE PERSONAL | ||
| 650 | _aPREGUNTAS PARA ENTREVISTAR | ||
| 650 | _aGESTIÓN POR COMPETENCIAS | ||
| 650 | _aCLASIFICACIÓN DE COMPETENCIAS | ||
| 650 | _aMOTIVACIÓN | ||
| 650 | _aCOMPETENCIAS CARDINALES | ||
| 650 | _aSISTEMA DE GESTIÓN DE COMPETENCIAS | ||
| 650 | _aSELECCIÓN DE ENTREVISTA | ||
| 650 | _aPROCEESOS DE RECURSOS HUMANOS | ||
| 650 | _aNIVELES EJECUTIVOS | ||
| 650 | _aNIVELES GERENCIALES | ||
| 650 | _aNIVELES INICIALES | ||
| 650 | _aCOMPETENCIAS DEL CONOCIMIENTO | ||
| 942 | _cBK | ||
| 999 |
_c5206 _d5206 |
||